[Event "West Wales Open"]
[Site "Swansea"]
[Date "2019.10.13"]
[Round "4.13"]
[White "James, Dai"]
[Black "Morgans, Justin"]
[Result "1-0"]
[WhiteElo "1838"]
[BlackElo "1657"]
[PlyCount "65"]
[EventDate "2019.10.12"]
[EventType "swiss"]
[EventRounds "5"]
[EventCountry "WLS"]

1. e4 e5 2. Nf3 Nf6 3. Nxe5 Nc6 4. Nxc6 dxc6 5. Nc3 Bc5 6. Be2 Be6 7. d3 Qd7 8.
O-O h5 9. Kh1 Ng4 10. Qe1 O-O-O 11. Nd1 h4 12. f4 f5 13. e5 h3 14. g3 Bd5+ 15.
Bf3 Rde8 16. Ne3 Bxf3+ 17. Rxf3 Bxe3 18. Bxe3 g5 19. Qe2 gxf4 20. Bxf4 Re6 21.
Rd1 c5 22. c3 Rhe8 23. d4 cxd4 24. cxd4 Qd5 25. Kg1 c5 26. Rc3 Qg2+ 27. Qxg2
hxg2 28. Rxc5+ Rc6 29. Rxc6+ bxc6 30. Kxg2 Re6 31. h3 Nh6 32. Bxh6 Rxh6 33. h4
1-0

[Event "West Wales Open"]
[Site "Swansea"]
[Date "2019.10.13"]
[Round "4.14"]
[White "Buttell, David"]
[Black "Chung, Joel"]
[Result "1/2-1/2"]
[WhiteElo "1828"]
[BlackElo "1463"]
[PlyCount "160"]
[EventDate "2019.10.12"]
[EventType "swiss"]
[EventRounds "5"]
[EventCountry "WLS"]

1. d4 d5 2. c4 c6 3. Nf3 e6 4. Nc3 Nf6 5. cxd5 cxd5 6. e3 Nc6 7. Bd3 Nb4 8. Bb1
Bd7 9. a3 Nc6 10. O-O Bd6 11. Bd3 a6 12. b4 b5 13. Bd2 O-O 14. Rc1 Rc8 15. Qe2
Qb6 16. Bb1 Rfe8 17. Qd3 Ne7 18. Ne5 Qb7 19. f4 Ng6 20. h3 Nh8 21. g4 g6 22. g5
Nh5 23. Ng4 f5 24. Nh2 Nf7 25. h4 Rc7 26. Bc2 Qb8 27. Kg2 Nd8 28. Bd1 Ng7 29.
Rh1 Kf7 30. Bf3 Rh8 31. Nf1 Be7 32. Ng3 h5 33. Rc2 Nb7 34. Rhc1 Rhc8 35. Nb1
Nd6 36. Rxc7 Rxc7 37. Rxc7 Qxc7 38. Qc3 Qxc3 39. Bxc3 Nc4 40. Kf2 Bd8 41. Ne2
Ne8 42. Nc1 Ned6 43. Nd3 Bc8 44. Ne5+ Nxe5 45. dxe5 Nc4 46. Be2 Bb6 47. Bxc4
dxc4 48. Nd2 Bb7 49. Nf1 Be4 50. Ng3 Bd3 51. Kf3 Bc2 52. Ke2 Bd3+ 53. Kd2 Ba7
54. Nh1 Be4 55. Nf2 Bb7 56. Nd1 Be4 57. Bd4 Bb8 58. Bb6 Ke7 59. Kc3 Kd7 60. Kd4
Kc6 61. Bc5 Bc7 62. Nc3 Bc2 63. Ne2 Bd1 64. Ng3 Bg4 65. e4 Kd7 66. exf5 Bxf5
67. Nf1 a5 68. Ne3 axb4 69. axb4 Bd3 70. Nd1 Bc2 71. Nc3 Kc6 72. Ne2 Bd1 73.
Ng3 Bg4 74. Ne4 Bb6 75. Bxb6 Kxb6 76. Nf6 Kc6 77. Ne4 Bf5 78. Ng3 Bg4 79. Nf1
Bh3 80. Ne3 Kb6 1/2-1/2

[Event "West Wales Open"]
[Site "Swansea"]
[Date "2019.10.13"]
[Round "4.15"]
[White "Denham-Kennedy, Colin"]
[Black "Bevan, Peter M"]
[Result "0-1"]
[WhiteElo "1656"]
[BlackElo "1889"]
[PlyCount "60"]
[EventDate "2019.10.12"]
[EventType "swiss"]
[EventRounds "5"]
[EventCountry "WLS"]

1. Nf3 d5 2. d4 Nf6 3. e3 g6 4. c4 c6 5. Nbd2 Bg7 6. b3 Bf5 7. Bb2 Nbd7 8. Be2
Ne4 9. Nxe4 Bxe4 10. Bd3 Nc5 11. Bxe4 dxe4 12. Nd2 Nd3+ 13. Ke2 Nxb2 14. Qc2 f5
15. Qxb2 c5 16. Rad1 cxd4 17. exd4 Bxd4 18. Qc2 e5 19. h4 Qb6 20. Nxe4 fxe4 21.
Qxe4 O-O 22. f3 Qc6 23. Qd3 Rad8 24. Rdf1 Bb6 25. Qe4 Qxe4+ 26. fxe4 Rxf1 27.
Rxf1 Rd4 28. Kf3 Rd3+ 29. Kg4 h5+ 30. Kg5 Kg7 0-1

[Event "West Wales Open"]
[Site "Swansea"]
[Date "2019.10.13"]
[Round "4.16"]
[White "Haigh, Tony"]
[Black "Sipho, Donovan"]
[Result "1-0"]
[WhiteElo "1761"]
[BlackElo "1659"]
[PlyCount "109"]
[EventDate "2019.10.12"]
[EventType "swiss"]
[EventRounds "5"]
[EventCountry "WLS"]

1. d4 g6 2. e4 Bg7 3. Nc3 d6 4. Be3 b6 5. Bc4 e5 6. dxe5 Bxe5 7. Nge2 Bb7 8.
Qd2 Bg7 9. O-O-O Nc6 10. h4 Nge7 11. Bh6 Bf6 12. Nd5 Nxd5 13. exd5 Ne5 14. Bb5+
Nd7 15. Nd4 Bxd5 16. Bc6 Be6 17. Bxa8 Qxa8 18. Nxe6 fxe6 19. Rde1 e5 20. f4 Qc6
21. Qe2 Qa4 22. a3 Qd4 23. Qe4 Qxe4 24. Rxe4 Nc5 25. Re2 Kd7 26. fxe5 Bxe5 27.
Rf1 Re8 28. Ref2 Bg3 29. Rf7+ Kc6 30. Rxh7 Bxh4 31. Bf4 Re1+ 32. Rxe1 Bxe1 33.
Bd2 Bxd2+ 34. Kxd2 a5 35. Rg7 g5 36. Ke3 Ne6 37. Rg6 Kd5 38. c4+ Ke5 39. g4 d5
40. cxd5 Kxd5 41. Rf6 c6 42. Rf5+ Kd6 43. Ke4 Nc5+ 44. Rxc5 Kxc5 45. Kf5 Kd6
46. Kxg5 Ke7 47. Kg6 b5 48. g5 b4 49. Kh7 c5 50. g6 bxa3 51. bxa3 Kd6 52. g7
Ke5 53. g8=Q Kd4 54. Qd8+ Kc3 55. Qxa5+ 1-0

[Event "West Wales Open"]
[Site "Swansea"]
[Date "2019.10.13"]
[Round "5.1"]
[White "Garcia, Jason"]
[Black "Kosuzek, Daniel"]
[Result "0-1"]
[WhiteElo "2050"]
[BlackElo "2338"]
[PlyCount "126"]
[EventDate "2019.10.12"]
[EventType "swiss"]
[EventRounds "5"]
[EventCountry "WLS"]

1. Nf3 d5 2. c4 d4 3. e3 Nc6 4. exd4 Nxd4 5. Nc3 c6 6. Nxd4 Qxd4 7. d3 Nh6 8.
Be3 Qd8 9. d4 Nf5 10. Qd2 g6 11. Be2 Bg7 12. O-O-O O-O 13. g4 Nxe3 14. fxe3 Rb8
15. h4 Bd7 16. g5 b5 17. h5 Qa5 18. cxb5 cxb5 19. Kb1 Rfc8 20. Ne4 Qxd2 21.
Nxd2 Rd8 22. Bf3 Be6 23. Rc1 Rbc8 24. b3 Bf5+ 25. Be4 Rxc1+ 26. Rxc1 Bxe4+ 27.
Nxe4 gxh5 28. Ng3 Rd5 29. Rc8+ Bf8 30. Nxh5 Rxg5 31. Nf4 h5 32. Rc5 e5 33. Rxe5
Rxe5 34. dxe5 h4 35. Kc2 Bg7 36. Kd3 Bxe5 37. Nh3 f5 38. e4 Kf7 39. exf5 Kf6
40. Ke4 Bg3 41. a4 b4 42. Ng1 Kg5 43. Nf3+ Kg4 44. f6 Bd6 45. f7 h3 46. Nh2+
Kg5 47. Kd5 Bf8 48. Kc6 Kf6 49. Nf3 Kxf7 50. Ng5+ Kf6 51. Nxh3 Ke5 52. Ng5 Be7
53. Nf3+ Ke4 54. Nd2+ Kd3 55. Nc4 Kc3 56. Na5 Bd8 57. Nb7 Kxb3 58. a5 Ka4 59.
Nxd8 b3 60. a6 b2 61. Kb7 b1=Q+ 62. Kxa7 Kb5 63. Nb7 Qh7 0-1

[Event "West Wales Open"]
[Site "Swansea"]
[Date "2019.10.13"]
[Round "5.3"]
[White "Thompson, Ian D"]
[Black "Musson, Adam J"]
[Result "1-0"]
[WhiteElo "2120"]
[BlackElo "2017"]
[PlyCount "81"]
[EventDate "2019.10.12"]
[EventType "swiss"]
[EventRounds "5"]
[EventCountry "WLS"]

1. c4 e5 2. g3 Nf6 3. Bg2 Nc6 4. Nf3 Bc5 5. O-O d6 6. Nc3 O-O 7. d3 a5 8. b3
Bg4 9. h3 Bf5 10. Kh2 Qd7 11. Nh4 Be6 12. f4 exf4 13. gxf4 Bd4 14. Bd2 d5 15.
e4 dxc4 16. dxc4 Rad8 17. Qe1 Nh5 18. Rd1 Bxc3 19. Bxc3 Qxd1 20. Qxd1 Rxd1 21.
Rxd1 Nxf4 22. Bf1 f6 23. Nf3 Kf7 24. e5 f5 25. Kg3 Ng6 26. Ng5+ Ke7 27. Nxh7
f4+ 28. Kf2 Rh8 29. Ng5 Rh5 30. Nxe6 Kxe6 31. Be2 Rg5 32. Bg4+ Rxg4 33. hxg4
Ngxe5 34. g5 Kf5 35. Rd5 b6 36. g6 Ke4 37. Kf1 Ng4 38. Rd7 f3 39. Rxg7 Ne3+ 40.
Kg1 Nd1 41. Be1 1-0

[Event "West Wales Open"]
[Site "Swansea"]
[Date "2019.10.13"]
[Round "5.4"]
[White "Jukes, Sam"]
[Black "Makkar, Rajat"]
[Result "0-1"]
[WhiteElo "1897"]
[BlackElo "2135"]
[PlyCount "104"]
[EventDate "2019.10.12"]
[EventType "swiss"]
[EventRounds "5"]
[EventCountry "WLS"]

1. e4 e5 2. Nf3 Nc6 3. Bc4 Bc5 4. c3 Nf6 5. d3 h6 6. Bb3 d6 7. O-O O-O 8. Nbd2
a5 9. Nc4 Be6 10. Ne3 Bxb3 11. axb3 Bxe3 12. Bxe3 d5 13. Qc2 Re8 14. Rfe1 Qd6
15. Nh4 d4 16. cxd4 Nxd4 17. Bxd4 Qxd4 18. Nf5 Qb6 19. Rec1 c6 20. Qc3 Re6 21.
b4 a4 22. b3 Ng4 23. Qc5 Qb5 24. Ne7+ Kh7 25. Qxb5 cxb5 26. Nd5 Rea6 27. bxa4
Rxa4 28. Rxa4 bxa4 29. f3 Nf6 30. Nxf6+ gxf6 31. b5 Kg7 32. Kf2 Rd8 33. Ke3 Rd4
34. Rb1 Kf8 35. Kd2 Ke7 36. Kc3 Kd6 37. g3 Kc5 38. f4 exf4 39. Rf1 Rd6 40. Rxf4
Kxb5 41. Rf5+ Ka6 42. d4 b5 43. e5 Rc6+ 44. Kb2 fxe5 45. dxe5 Re6 46. g4 Ka5
47. h4 Kb4 48. g5 hxg5 49. hxg5 Re7 50. Rf4+ Kc5 51. Re4 Kd5 52. Rb4 Rb7 0-1

[Event "West Wales Open"]
[Site "Swansea"]
[Date "2019.10.13"]
[Round "5.5"]
[White "Graham, David B"]
[Black "Cheung, Ryan"]
[Result "1-0"]
[WhiteElo "2162"]
[BlackElo "1642"]
[PlyCount "67"]
[EventDate "2019.10.12"]
[EventType "swiss"]
[EventRounds "5"]
[EventCountry "WLS"]

1. e4 e5 2. Nf3 Nc6 3. Bc4 Bc5 4. b4 Bxb4 5. c3 Ba5 6. d4 exd4 7. O-O Nf6 8. e5
d5 9. exf6 dxc4 10. fxg7 Rg8 11. Nxd4 Nxd4 12. cxd4 Be6 13. Bd2 Bxd2 14. Qxd2
Rxg7 15. Nc3 Qg5 16. Qxg5 Rxg5 17. f4 Ra5 18. h3 h5 19. d5 Bxd5 20. Rae1+ Kd7
21. Re5 c6 22. Rxh5 Re8 23. Rf5 Re3 24. Nxd5 cxd5 25. Rxf7+ Ke6 26. Rh7 d4 27.
Rh6+ Kf7 28. f5 Rxa2 29. Rf4 d3 30. f6 d2 31. Rh7+ Kg6 32. Rg7+ Kh5 33. Rf5+
Kh4 34. Rg4# 1-0

[Event "West Wales Open"]
[Site "Swansea"]
[Date "2019.10.13"]
[Round "5.6"]
[White "Jones, Ian Robert"]
[Black "Hilton, Tim"]
[Result "0-1"]
[WhiteElo "1975"]
[BlackElo "1868"]
[PlyCount "46"]
[EventDate "2019.10.12"]
[EventType "swiss"]
[EventRounds "5"]
[EventCountry "WLS"]

1. e4 c5 2. Nf3 g6 3. d4 cxd4 4. Nxd4 Nc6 5. Nc3 Bg7 6. Be3 Nf6 7. Bc4 O-O 8.
Bb3 a5 9. a4 Ng4 10. Qxg4 Nxd4 11. O-O-O Nxb3+ 12. cxb3 Qc7 13. Qg3 Be5 14. f4
Bxc3 15. bxc3 Qxc3+ 16. Kb1 Qxb3+ 17. Kc1 Ra6 18. Bd4 Rc6+ 19. Kd2 Qxa4 20. Ke1
b6 21. Qd3 d6 22. h4 Bg4 23. Rb1 Rc4 0-1

[Event "West Wales Open"]
[Site "Swansea"]
[Date "2019.10.13"]
[Round "5.7"]
[White "Van Veelen, Thomas"]
[Black "Phillips, William"]
[Result "1-0"]
[WhiteElo "1992"]
[BlackElo "1893"]
[PlyCount "93"]
[EventDate "2019.10.12"]
[EventType "swiss"]
[EventRounds "5"]
[EventCountry "WLS"]

1. d4 Nf6 2. c4 e6 3. g3 d5 4. Bg2 c6 5. Nf3 Bd6 6. Nc3 Nbd7 7. Qc2 dxc4 8. O-O
e5 9. Rd1 exd4 10. Nxd4 Bc5 11. Nf5 O-O 12. Na4 Qa5 13. Nxc5 Nxc5 14. Ne7+ Kh8
15. Nxc8 Raxc8 16. Qxc4 Ne6 17. Bd2 Qf5 18. e4 Qc5 19. Qxc5 Nxc5 20. Bb4 b6 21.
e5 Ng4 22. Bh3 h5 23. Rac1 Rcd8 24. Rxd8 Rxd8 25. Bxc5 bxc5 26. Bxg4 hxg4 27.
Rxc5 Rd2 28. Rxc6 Rxb2 29. Ra6 Rb7 30. e6 f5 31. Kf1 Kh7 32. Ke2 Kg6 33. Ke3
Kf6 34. Kd4 Ke7 35. Kd5 g5 36. a4 Rc7 37. Rd6 Rc2 38. Rd7+ Ke8 39. Ke5 Rxf2 40.
Rxa7 f4 41. gxf4 Rxf4 42. a5 Rf2 43. Rh7 Ra2 44. a6 g3 45. hxg3 g4 46. a7 Re2+
47. Kf5 1-0

[Event "West Wales Open"]
[Site "Swansea"]
[Date "2019.10.13"]
[Round "5.8"]
[White "Turner, Joseph David"]
[Black "McCarthy, Maurice"]
[Result "1/2-1/2"]
[WhiteElo "1842"]
[BlackElo "1980"]
[PlyCount "60"]
[EventDate "2019.10.12"]
[EventType "swiss"]
[EventRounds "5"]
[EventCountry "WLS"]

1. e4 c5 2. Nf3 d6 3. d4 cxd4 4. Qxd4 Nc6 5. Bb5 Qa5+ 6. Nc3 Bd7 7. Bxc6 Bxc6
8. b4 e5 9. bxa5 exd4 10. Nxd4 Nf6 11. Nxc6 bxc6 12. Rb1 Be7 13. Ba3 c5 14. Nb5
O-O 15. f3 Rfc8 16. O-O a6 17. Nc3 Bd8 18. Na4 Bxa5 19. Nb6 Bxb6 20. Rxb6 d5
21. Rb7 dxe4 22. fxe4 Rab8 23. Re7 Re8 24. Ra7 Rxe4 25. Rxa6 Re2 26. Bxc5 Rxc2
27. Bd4 h5 28. Bxf6 gxf6 29. Raxf6 Rbb2 30. R6f2 Rxa2 1/2-1/2

[Event "West Wales Open"]
[Site "Swansea"]
[Date "2019.10.13"]
[Round "5.9"]
[White "May, Adam J"]
[Black "Van Kemenade, Rudy"]
[Result "1-0"]
[WhiteElo "1924"]
[BlackElo "1885"]
[PlyCount "73"]
[EventDate "2019.10.12"]
[EventType "swiss"]
[EventRounds "5"]
[EventCountry "WLS"]

1. c4 e5 2. g3 h5 3. h4 Nc6 4. Nc3 d6 5. e4 Bg4 6. f3 Be6 7. d3 g6 8. Nge2 Bh6
9. Bxh6 Nxh6 10. Qd2 f5 11. Nd5 Ne7 12. Nec3 c6 13. Nxe7 Qxe7 14. O-O-O c5 15.
Bh3 O-O-O 16. Rde1 Kb8 17. b3 Rdf8 18. Rhf1 f4 19. Bxe6 Qxe6 20. gxf4 Rxf4 21.
Nd5 Rxh4 22. Qa5 Qf7 23. f4 exf4 24. e5 dxe5 25. Rxe5 Nf5 26. Rfe1 Rc8 27. Ne7
Nxe7 28. Rxe7 Qf6 29. R1e5 Qb6 30. Qe1 Rg4 31. Re8 Qf6 32. Rxc8+ Kxc8 33. Rxc5+
Kd7 34. Rd5+ Kc6 35. Qe8+ Kc7 36. Rc5+ Kb6 37. Qb5# 1-0

[Event "West Wales Open"]
[Site "Swansea"]
[Date "2019.10.13"]
[Round "5.10"]
[White "Marin Marin, Francisco Javier"]
[Black "Fathallah, Joe"]
[Result "0-1"]
[WhiteElo "1767"]
[BlackElo "1904"]
[PlyCount "66"]
[EventDate "2019.10.12"]
[EventType "swiss"]
[EventRounds "5"]
[EventCountry "WLS"]

1. e4 e6 2. d4 c5 3. Nf3 cxd4 4. Nxd4 d6 5. Bd3 Nf6 6. O-O Be7 7. Nc3 a6 8. Kh1
b5 9. f4 Bb7 10. e5 Nd5 11. f5 Nxc3 12. bxc3 dxe5 13. fxe6 exd4 14. Qh5 Qd5 15.
Qxf7+ Kd8 16. Qxg7 Re8 17. Rf7 Qxe6 18. Bg5 Bxg2+ 19. Kg1 Bh3 20. Qxd4+ Nd7 21.
Bxe7+ Rxe7 22. Rf8+ Re8 23. Qh4+ Kc7 24. Qf4+ Qd6 25. Qxd6+ Kxd6 26. Rxe8 Rxe8
27. Bxh7 Re2 28. Rd1+ Kc5 29. Rd4 Nf6 30. Bd3 Rg2+ 31. Kh1 Rg5 32. Rh4 Bg2+ 33.
Kg1 Bd5+ 0-1

[Event "West Wales Open"]
[Site "Swansea"]
[Date "2019.10.13"]
[Round "5.11"]
[White "Young, Alan"]
[Black "Haigh, Tony"]
[Result "1-0"]
[WhiteElo "2015"]
[BlackElo "1761"]
[PlyCount "75"]
[EventDate "2019.10.12"]
[EventType "swiss"]
[EventRounds "5"]
[EventCountry "WLS"]

1. e4 e6 2. d4 d5 3. Nc3 Nf6 4. Bg5 Bb4 5. e5 h6 6. Be3 Ne4 7. Qg4 Kf8 8. a3
Bxc3+ 9. bxc3 c5 10. Bd3 f5 11. exf6 Nxf6 12. Qf4 g5 13. Qg3 c4 14. Be2 Ne4 15.
Qe5 Qf6 16. Qxf6+ Nxf6 17. Nf3 Nc6 18. h4 g4 19. Ne5 Nxe5 20. dxe5 Ne4 21. h5
g3 22. fxg3 Nxg3 23. Rh3 Nf5 24. Bc5+ Kg7 25. g4 b6 26. Bf2 Ne7 27. Bh4 Re8 28.
Bf6+ Kh7 29. Kd2 Ng8 30. Rf1 Nxf6 31. Rxf6 Rg8 32. Rh2 Bd7 33. Rhf2 Rae8 34.
Rf7+ Rg7 35. g5 hxg5 36. h6 Kxh6 37. Rh2+ Kg6 38. Rf6# 1-0

[Event "West Wales Open"]
[Site "Swansea"]
[Date "2019.10.13"]
[Round "5.12"]
[White "Chung, Joel"]
[Black "Guy, David"]
[Result "1/2-1/2"]
[WhiteElo "1463"]
[BlackElo "1891"]
[PlyCount "59"]
[EventDate "2019.10.12"]
[EventType "swiss"]
[EventRounds "5"]
[EventCountry "WLS"]

1. e4 e5 2. f4 exf4 3. Nf3 Nc6 4. Bc4 g5 5. d3 g4 6. O-O gxf3 7. Qxf3 Nf6 8.
Bxf4 d6 9. Bg5 Bg7 10. Bxf6 Bxf6 11. Qxf6 Qxf6 12. Rxf6 Ne5 13. Bb3 Ke7 14. Rf2
Be6 15. Nc3 c6 16. Raf1 Raf8 17. Bxe6 fxe6 18. Rxf8 Rxf8 19. Rxf8 Kxf8 20. Kf2
Ng4+ 21. Kg3 Ne3 22. Ne2 Nxc2 23. a3 c5 24. h3 Kf7 25. Kf2 b5 26. Nc3 a6 27. g4
b4 28. axb4 Nxb4 29. Ke2 Kf6 30. h4 1/2-1/2

[Event "West Wales Open"]
[Site "Swansea"]
[Date "2019.10.13"]
[Round "5.13"]
[White "Bevan, Peter M"]
[Black "Buttell, David"]
[Result "1-0"]
[WhiteElo "1889"]
[BlackElo "1828"]
[PlyCount "71"]
[EventDate "2019.10.12"]
[EventType "swiss"]
[EventRounds "5"]
[EventCountry "WLS"]

1. c4 Nf6 2. g3 g6 3. Bg2 Bg7 4. Nc3 d6 5. b3 e5 6. Bb2 O-O 7. e3 c5 8. Nge2
Nc6 9. O-O Rb8 10. h3 Be6 11. Nd5 Bxd5 12. cxd5 Ne7 13. e4 Nd7 14. d3 f5 15.
Qd2 Nf6 16. f4 Nh5 17. fxe5 Bxe5 18. Bxe5 dxe5 19. g4 Ng7 20. Rac1 b6 21. Qb2
Qd6 22. Nc3 b5 23. Nb1 f4 24. Nd2 Rfe8 25. Nf3 Nc8 26. Qa3 c4 27. Qxd6 Nxd6 28.
dxc4 bxc4 29. bxc4 Nxe4 30. Rfe1 Ng3 31. Nxe5 Rb2 32. Bf3 Rxa2 33. c5 Rb8 34.
c6 Ne8 35. Nd7 Rc8 36. Rxe8+ 1-0

[Event "West Wales Open"]
[Site "Swansea"]
[Date "2019.10.13"]
[Round "5.14"]
[White "Whitehead, Mark A"]
[Black "Denham-Kennedy, Colin"]
[Result "1-0"]
[WhiteElo "1847"]
[BlackElo "1656"]
[PlyCount "67"]
[EventDate "2019.10.12"]
[EventType "swiss"]
[EventRounds "5"]
[EventCountry "WLS"]

1. e4 e6 2. Qe2 c5 3. g3 Nc6 4. c3 Nge7 5. Bg2 Ng6 6. f4 e5 7. f5 Nge7 8. d3
Ng8 9. Nh3 h6 10. Nd2 d6 11. Nc4 b5 12. Ne3 a6 13. O-O Rb8 14. Bd2 a5 15. Nd5
Be7 16. g4 f6 17. Bf3 b4 18. Nf2 Ba6 19. h4 Kd7 20. Be3 Bb7 21. Rfd1 Na7 22. d4
Bxd5 23. exd5 cxd4 24. cxd4 Nb5 25. Rac1 a4 26. Qc4 Ke8 27. Qxb4 Nxd4 28. Qxa4+
Nb5 29. Be2 Qd7 30. Rc6 Nc7 31. Qc4 Bd8 32. Ne4 Nxd5 33. Qxd5 Ne7 34. Nxd6+ 1-0

[Event "West Wales Open"]
[Site "Swansea"]
[Date "2019.10.13"]
[Round "5.15"]
[White "Hare, Roy T"]
[Black "Thomas, Roy"]
[Result "1-0"]
[WhiteElo "1672"]
[BlackElo "1696"]
[PlyCount "85"]
[EventDate "2019.10.12"]
[EventType "swiss"]
[EventRounds "5"]
[EventCountry "WLS"]

1. e4 c5 2. Nf3 Nc6 3. Bb5 Nf6 4. O-O Nxe4 5. d4 cxd4 6. Bxc6 bxc6 7. Qxd4 Nf6
8. Re1 g6 9. Qxf6 Rg8 10. Qh4 h6 11. Nc3 Bg7 12. Ne4 g5 13. Qh5 d5 14. Nc5 Qd6
15. Nd3 Be6 16. Bd2 O-O-O 17. Bb4 Qc7 18. Nfe5 Rgf8 19. Qf3 Bxe5 20. Nxe5 c5
21. Bd2 Kb8 22. Qb3+ Ka8 23. Qb5 Rc8 24. Ba5 Qd6 25. Rad1 f6 26. Nc4 Qb8 27.
Qxb8+ Rxb8 28. Rxe6 dxc4 29. b3 cxb3 30. axb3 Rb5 31. Rd8+ Rxd8 32. Bxd8 c4 33.
g3 cxb3 34. cxb3 Rxb3 35. Bxe7 Kb7 36. Rxf6 a5 37. Rxh6 a4 38. Bxg5 a3 39. Rh4
a2 40. Bf6 a1=Q+ 41. Bxa1 Rb1+ 42. Kg2 Rxa1 43. Rc4 1-0

[Event "West Wales Open"]
[Site "Swansea"]
[Date "2019.10.13"]
[Round "5.16"]
[White "Morgans, Justin"]
[Black "Sipho, Donovan"]
[Result "0-1"]
[WhiteElo "1657"]
[BlackElo "1659"]
[PlyCount "92"]
[EventDate "2019.10.12"]
[EventType "swiss"]
[EventRounds "5"]
[EventCountry "WLS"]

1. e4 c5 2. Nc3 Nc6 3. f4 e6 4. Nf3 d5 5. e5 f6 6. Bb5 Bd7 7. O-O Qb6 8. Kh1 d4
9. Bxc6 Qxc6 10. Ne2 Qd5 11. d3 Bc6 12. c4 Qd7 13. Bd2 a5 14. Ng3 f5 15. Qe2
Be7 16. Rfb1 Nh6 17. h3 Nf7 18. a3 a4 19. b4 axb3 20. Rxb3 Qd8 21. Nxf5 exf5
22. e6 Nd6 23. Ne5 O-O 24. Kh2 Rf6 25. Nxc6 bxc6 26. g4 fxg4 27. hxg4 Qc7 28.
Kg2 Raf8 29. Qe5 Qc8 30. Re1 Rg6 31. Kh3 Rh6+ 32. Kg2 Rg6 33. Kh3 h5 34. g5 Rf5
35. Qe2 Bxg5 36. fxg5 Kf8 37. Kh4 Ke7 38. Kxh5 Qe8 39. Kg4 Qf8 40. Bc1 Rf2 41.
Qd1 Qf5+ 42. Kg3 Ra2 43. Re2 Ra1 44. Qd2 Rxc1 45. Qxc1 Rxg5+ 46. Kh2 Qh7# 0-1